000 01277cam a2200313 i 4500
999 _c129012
_d129012
001 18296544
003 ARRUPE
005 20190214103358.0
008 140910s2015 nyu b 001 0 eng
010 _a 2014034327
020 _a9780521821674 (hb)
040 _aDLC
_beng
_cDLC
_erda
_dDLC
042 _apcc
050 0 0 _aB1489
_b.C36 2015
082 0 0 _a128
_223
245 0 4 _aThe Cambridge companion to Hume's Treatise /
_cedited by Donald C. Ainslie, University of Toronto, Annemarie Butler, Iowa State University.
260 _aCambridge
_bCambridge University Press
_c2015
300 _axvi, 398 pages ;
_c24 cm.
490 0 _aCambridge companions to philosophy
504 _aIncludes bibliographical references (pages 369-382) and indexes.
600 1 0 _aHume, David,
_d1711-1776.
_tTreatise of human nature.
_944668
650 0 _aKnowledge, Theory of.
_944669
700 1 _aAinslie, Donald C.,
_eeditor.
_944670
700 1 _aButler, Annemarie,
_eeditor.
_944671
906 _a7
_bcbc
_corignew
_d1
_eecip
_f20
_gy-gencatlg
942 _2lcc
_cMONOGRAPH